| 000 | 00397nam a22001337a 4500 | ||
|---|---|---|---|
| 020 | _qPB. | ||
| 040 | _cFIZZA ISHAQ | ||
| 082 |
_a471.1 _bALE |
||
| 100 |
_aHUMEZ,NICHOLAS & ALEXANDER. _9133821 |
||
| 245 |
_aA.B.C ET CETERA THE LIFE & TIMES OF THE ROMAN ALPHABET / _cALEXANDER & NICHOLAS HUMEZ. |
||
| 260 |
_aNEW YORK ; _bDAVID R.GODINE, _c1985. |
||
| 300 |
_a274 P. ; _c9.5X5.9IN |
||
| 942 |
_2ddc _cBK |
||
| 999 |
_c616791 _d616791 |
||